La Memoria de la infancia : (Record no. 144628)

MARC details
000 -LEADER
fixed length control field nam a22 7a 4500
005 - DATE AND TIME OF LATEST TRANSACTION
control field 20180925095428.0
008 - FIXED-LENGTH DATA ELEMENTS--GENERAL INFORMATION
fixed length control field 180925b ag ||||| |||| 00| 0 spa d
020 ## - INTERNATIONAL STANDARD BOOK NUMBER
International Standard Book Number 9789501261608
050 04 - LIBRARY OF CONGRESS CALL NUMBER
Classification number HQ767.87
Item number C37 2011
100 1# - MAIN ENTRY--PERSONAL NAME
Personal name Carli, Sandra
245 13 - TITLE STATEMENT
Title La Memoria de la infancia :
Remainder of title estudios sobre historia, cultura y sociedad /
Statement of responsibility, etc Sandra Carli
250 ## - EDITION STATEMENT
Edition statement 1a ed.
260 ## - PUBLICATION, DISTRIBUTION, ETC. (IMPRINT)
Place of publication, distribution, etc Buenos Aires, Argentina :
Name of publisher, distributor, etc Paidós,
Date of publication, distribution, etc 2011
300 ## - PHYSICAL DESCRIPTION
Extent 189 p. :
Other physical details il.,
Dimensions 22 cm.
490 0# - SERIES STATEMENT
Series statement Cuestiones de educación
504 ## - BIBLIOGRAPHY, ETC. NOTE
Bibliography, etc Incluye índice y bibliografía.
650 #7 - SUBJECT ADDED ENTRY--TOPICAL TERM
Source of heading or term lemb
Topical term or geographic name as entry element Niños
Geographic subdivision Argentina
General subdivision Historia
Chronological subdivision Siglo XX
650 #7 - SUBJECT ADDED ENTRY--TOPICAL TERM
Topical term or geographic name as entry element Educación
General subdivision Aspectos sociales
Geographic subdivision Argentina
General subdivision Historia
Chronological subdivision Siglo XX
942 ## - ADDED ENTRY ELEMENTS (KOHA)
Source of classification or shelving scheme Biblioteca del Cogreso de los Estados Unidos
Koha item type Libro
Holdings
Estado de pérdida Fuente de clasificación Estado del daño No para préstamo Ubicación permanente Ubicación actual Apartado o colección Fecha de adquisición Edición Dependencia de educación superior (DES) Área del conocimiento Clasificación Código de Barras Date last seen Número de copia Tipo de recurso Nota pública
  Biblioteca del Cogreso de los Estados Unidos     Biblioteca del Instituto de Investigaciones Históricas Biblioteca del Instituto de Investigaciones Históricas General 25/09/2018 1a ed. Humanidades Ciencias Sociales y Administrativas HQ767.87 C37 2011 IIH000023453 25/09/2018 C:1 Libro GENERAL